000 01691nam0a2200337 4500
001 RU\NLR\b_ik\190417
005 20250616231049.0
035 _a(NLR Aleph) 002262881
090 _a3843842
_c3843842
100 _a20110601d2011 |||y0rusy50 ca
101 0 _aeng
102 _aRU
105 _ay |||||||||
200 1 _aLabor market adjustment: is Russia different?
_fVladimir Gimpelson, Rostislav Kapeliusshnikov
210 _aMoscow
_cВысшая школа экономики
_d2011
215 _a41, [1] с.
_cил.
_d20
225 1 _aWorking paper
_fHigher school of economics
_vWP3/2011/04
_hSeries WP3
_iLabour markets in translation
300 _aВ вып. дан.: Подстройка на рынке труда: является ли российский случай особенным? / Гимпельсон Владимир Ефимович, Капелюшников Ростислав Исаакович
300 _aНа обл. надзаг. на рус. яз.: Гос. ун-т Высш. шк. экономики
300 _aРез. на рус. яз.
320 _aБиблиогр.: с. 30-33 (51 назв.)
517 0 _aПодстройка на рынке труда: является ли российский случай особенным?
541 0 _aРынок труда в России
_zrus
606 1 _aРынок труда
_yРоссийская Федерация
_92079272
_3RU\NLR\AUTH\661255149
686 1 _aУ24(2)05
700 1 _aGimpel'son
_bV. E.
_f1956-
_gVladimir Efimovič
_4070
701 1 _aKapeljušnikov
_bR. I.
_gRostislav Isaakovič
_4070
801 0 _aRU
_bNLR
_c20110601
_gRCR
942 _cBOOK
980 _aNB